[Event "Ghent op 25th"]
[Site "Ghent"]
[Date "2002.07.22"]
[Round "5"]
[White "Filipek, Jakub"]
[Black "Schipper, Paul"]
[Result "1-0"]
[WhiteElo "2373"]
[BlackElo "2153"]
[PlyCount "49"]
[EventDate "2002.07.20"]
[EventType "swiss"]
[EventRounds "9"]
[EventCountry "BEL"]
[SourceTitle "CBM 089 Extra"]
[Source "ChessBase"]
[SourceDate "2002.09.10"]
[SourceVersion "2"]
[SourceVersionDate "2002.09.10"]
[SourceQuality "1"]

1. e4 c5 2. Nf3 Nc6 3. d4 cxd4 4. Nxd4 e5 5. Nb5 d6 6. Be3 Be7 7. N1c3 a6 8. Nd5 Be6 9. Bb6 Qc8 10. Nxe7 Kxe7 11. Qxd6+ Kf6 12. Nc7 Qf8 13. Qd2 Rc8 14. h4 Qb4 15. Nd5+ Bxd5 16. exd5 Qxd2+ 17. Kxd2 Nb8 18. c4 Nd7 19. Be3 h6 20. Bd3 Ne7 21. f4 e4 22. Bd4+ Kf5 23. g4+ Kxg4 24. Bxe4 Kxf4 25. Bd3 1-0

[Event "Ghent op 25th"]
[Site "Ghent"]
[Date "2002.07.21"]
[Round "4"]
[White "De Jong, Jan Willem"]
[Black "Filipek, Jakub"]
[Result "1/2-1/2"]
[WhiteElo "2234"]
[BlackElo "2373"]
[PlyCount "73"]
[EventDate "2002.07.20"]
[EventType "swiss"]
[EventRounds "9"]
[EventCountry "BEL"]
[SourceTitle "CBM 089 Extra"]
[Source "ChessBase"]
[SourceDate "2002.09.10"]
[SourceVersion "2"]
[SourceVersionDate "2002.09.10"]
[SourceQuality "1"]

1. d4 Nf6 2. c4 g6 3. Nc3 d5 4. cxd5 Nxd5 5. e4 Nb6 6. Be3 Bg7 7. h3 0-0 8. Nf3 f5 9. Qd2 fxe4 10. Nxe4 Nc6 11. Rd1 Be6 12. Nc5 Bd5 13. Be2 Nc4 14. Bxc4 Bxc4 15. d5 Ne5 16. Nxe5 Bxe5 17. b3 Bb5 18. a4 Bd7 19. Nxb7 Qc8 20. Nc5 Rb8 21. 0-0 Bxh3 22. f4 Bd6 23. gxh3 Qxh3 24. Rf2 Bxc5 25. Bxc5 Rxb3 26. Qe2 Rg3+ 27. Rg2 Rxf4 28. Qe6+ Qxe6 29. dxe6 Rxg2+ 30. Kxg2 Re4 31. Bxa7 Rxe6 32. Bc5 Re2+ 33. Kf3 Ra2 34. Rd8+ Kf7 35. Ra8 Ke6 36. Ke4 Kd7 37. Kd5 1/2-1/2

[Event "Metz op 20th"]
[Site "Metz"]
[Date "2002.04.19"]
[Round "7"]
[White "Bogza, Oana"]
[Black "Filipek, Jakub"]
[Result "1/2-1/2"]
[WhiteElo "2128"]
[BlackElo "2383"]
[PlyCount "79"]
[EventDate "2002.04.13"]
[EventType "swiss"]
[EventRounds "9"]
[EventCountry "FRA"]
[SourceTitle "CBM 087 Extra"]
[Source "ChessBase"]
[SourceDate "2002.05.03"]
[SourceVersion "2"]
[SourceVersionDate "2002.08.09"]
[SourceQuality "1"]

1. Nf3 Nf6 2. d4 b5 3. g3 Bb7 4. Bg2 e6 5. 0-0 c5 6. c3 cxd4 7. cxd4 Be7 8. Bg5 h6 9. Bxf6 Bxf6 10. e3 Na6 11. Nc3 b4 12. Ne2 Qa5 13. Qd2 Rc8 14. Nf4 0-0 15. Nd3 Qb5 16. Rfc1 d6 17. Rxc8 Rxc8 18. Rc1 Rd8 19. Nf4 e5 20. Ne2 Be4 21. Ne1 Bxg2 22. Nxg2 Qd5 23. b3 Nc5 24. Qxb4 Nd3 25. Qc4 Qe4 26. Rf1 d5 27. Qc3 exd4 28. Nxd4 Ne5 29. Qd2 Qxd4 30. Qxd4 Nf3+ 31. Kh1 Nxd4 32. exd4 Bxd4 33. Ne3 Bc3 34. Rd1 d4 35. Kg2 Re8 36. Nd5 Re2 37. Nxc3 dxc3 38. Rc1 Rxa2 39. Rxc3 Ra3 40. Rc7 1/2-1/2

[Event "Metz op 20th"]
[Site "Metz"]
[Date "2002.04.16"]
[Round "4"]
[White "Filipek, Jakub"]
[Black "Steininger, Denis"]
[Result "1-0"]
[WhiteElo "2383"]
[BlackElo "2083"]
[PlyCount "30"]
[EventDate "2002.04.13"]
[EventType "swiss"]
[EventRounds "9"]
[EventCountry "FRA"]
[SourceTitle "CBM 087 Extra"]
[Source "ChessBase"]
[SourceDate "2002.05.03"]
[SourceVersion "2"]
[SourceVersionDate "2002.08.09"]
[SourceQuality "1"]

1. e4 Nc6 2. Nf3 d6 3. d4 Nf6 4. Nc3 g6 5. d5 Nb4 6. a3 Na6 7. e5 Nd7 8. e6 fxe6 9. Bxa6 bxa6 10. Ng5 Ne5 11. f4 Nf7 12. Nxe6 Bxe6 13. dxe6 Nh6 14. Qd4 Rg8 15. Qa4+ Qd7 1-0